An introduction to the sociology of health and illness (Record no. 19020)

MARC details
000 -LEADER
fixed length control field 00432nam a22001577a 4500
008 - FIXED-LENGTH DATA ELEMENTS--GENERAL INFORMATION
fixed length control field 210819b xxu||||| |||| 00| 0 eng d
020 ## - INTERNATIONAL STANDARD BOOK NUMBER
International Standard Book Number 9781473982086
050 ## - LIBRARY OF CONGRESS CALL NUMBER
Classification number RA 418
Item number .W45 2017 C.1
100 ## - MAIN ENTRY--PERSONAL NAME
Personal name White, Kevin
245 ## - TITLE STATEMENT
Title An introduction to the sociology of health and illness
Statement of responsibility, etc. Kevin White
250 ## - EDITION STATEMENT
Edition statement 3rd ed.
260 ## - PUBLICATION, DISTRIBUTION, ETC. (IMPRINT)
Place of publication, distribution, etc. London:
Name of publisher, distributor, etc. Sage,
Date of publication, distribution, etc. 2017
300 ## - PHYSICAL DESCRIPTION
Extent xi, 226p,
650 ## - SUBJECT ADDED ENTRY--TOPICAL TERM
Topical term or geographic name as entry element Social Medicine
942 ## - ADDED ENTRY ELEMENTS (KOHA)
Source of classification or shelving scheme Library of Congress Classification
Koha item type General Collection

No items available.

Designed with assistance from East African Informatics Ltd